Fish disease; ជម្ងឺត្រី (Record no. 10080)

000 -LEADER
fixed length control field 00274nam a22001217a 4500
040 ## - CATALOGING SOURCE
Transcribing agency SK
082 ## - DEWEY DECIMAL CLASSIFICATION NUMBER
Classification number 639
100 ## - MAIN ENTRY--AUTHOR NAME
Personal name ម៉ែន សុខា
245 ## - TITLE STATEMENT
Title Fish disease; ជម្ងឺត្រី
260 ## - PUBLICATION, DISTRIBUTION, ETC. (IMPRINT)
Place of publication RUA
Name of publisher ម៉ែន
Year of publication 2008
300 ## - PHYSICAL DESCRIPTION
Number of Pages 23p.
942 ## - ADDED ENTRY ELEMENTS (KOHA)
Koha item type សៀវភៅភាសាខ្មែរ
952 ## - LOCATION AND ITEM INFORMATION (KOHA)
Withdrawn status [LOCAL, KOHA] 0
952 ## - LOCATION AND ITEM INFORMATION (KOHA)
Withdrawn status [LOCAL, KOHA] 0
Holdings
Koha item type Barcode Lost status Permanent Location Current Location Date acquired Full call number
សៀវភៅភាសាខ្មែរRUA056938 Library Block CLibrary Block C2016-09-20639 ម៉ែន 2008 C018 Or.1
សៀវភៅភាសាខ្មែរRUA045391 Library Block CLibrary Block C2016-12-14639 ម៉ែន 2008 C018 or.2
មជ្ឈមណ្ឌលឯការនៃសាកលវិទ្យាល័យភូមិន្ទកសិកម្មចំការដូង

Powered by Koha